书目信息 |
| 题名: |
苏联现代史论文集
|
|
| 作者: | ;世界历史编辑部 编 | |
| 分册: | ||
| 出版信息: | 北京 三联书店 1985 |
|
| 页数: | 314页 | |
| 开本: | 20cm | |
| 丛书名: | ||
| 单 册: | ||
| 中图分类: | K512.5 | |
| 科图分类: | ||
| 主题词: | 现代史--苏联--文集 | |
| 电子资源: | ||
| ISBN: | ||
| 000 | 00668nam0 2200241 45 | |
| 001 | 0185015831 | |
| 005 | 20040511170029.5 | |
| 010 | @dCNY2.00 | |
| 100 | @a19901008d1985 em y0chiy0121 ea | |
| 101 | 0 | @achi |
| 102 | @aCN@b110000 | |
| 105 | @ay z 000yy | |
| 106 | @ar | |
| 200 | 10 | @a苏联现代史论文集@f世界历史编辑部编@Asu lian xian dai shi lun wen ji |
| 210 | @a北京@c三联书店@d1985 | |
| 215 | @a314页@d20cm | |
| 606 | @a现代史@y苏联@x文集 | |
| 607 | @a苏联@x现代史 | |
| 690 | @aK512.5@v3 | |
| 711 | 02 | @a世界历史编辑部@4编@AShi Jie Li Shi Bian Ji Bu |
| 801 | 0 | @aCN@b深圳图书馆@c20040511 |
| 801 | 2 | @aCN@bNLC@c20040511 |
| 905 | @f2@b145780-781@dK512.5@e10 | |
| 苏联现代史论文集/世界历史编辑部编.-北京:三联书店,1985 |
| 314页;20cm |
| ISBN :CNY2.00 |
| ● |
| 相关链接 |
|
|
|
|
正题名:苏联现代史论文集
索取号:K512.5/10
 
预约/预借
| 序号 | 登录号 | 条形码 | 馆藏地/架位号 | 状态 | 备注 |
| 1 | 0145780 | 001394627 | 第二借阅区/ [索取号:K512.5/10] | 在馆 | |
| 2 | 0145781 | 001394663 | 第二借阅区/ [索取号:K512.5/10] | 在馆 | |
| 3 | 0145782 | 001394583 | 第二样本阅览室/ [索取号:K512.5/10] | 在馆 |